000 00913cab a2200241 4500
001 WB3519-57
008 090401t1999 xxu||||| |||| 00| 0 eng d
035 _a(Sirsi) u93374
041 _aeng
245 _aAll change down on the farm
260 _c1999
350 _a0
490 _aWestern Mail Supplement
_v18 May 1999, 1(1)
520 _aA National Farmers' Union survey carried out as part of the report Farming economy 1999 - routes to prosperity for UK agriculture indicates that 62% of farmers have diversified into other areas of business as a response to the economic crisis in the farming industry, and that some now receive almost all their incomes from non-agricultural sources.
650 _aDIVERSIFICATION
650 _aFARM INCOMES
650 _aFARMING
650 _aNATIONAL FARMERS UNION
650 _aSURVEYS
690 _aRURAL PRACTICE
942 _n0
948 _c18/05/1999
999 _c59178
_d59178